000 00815nam a2200301Ia 4500
001 A2149
003 IT-RoPAU
008 130308s9999 xx 000 0 und d
040 _aIT-RoPAU
040 _cIT-RoPAU
041 _aFRANCESE
100 _aTrucchi Paule
100 _gCodice Aut. SPICS: 34913
245 _aDroits de l'enfant sur son image (Les)
245 _bEnfant Dans L'Image (L')
250 _a1a ed.
260 _aPARIS
260 _bRetz
260 _c1987 [1° Ed.:1987 - Ed.Ling.Originale:1987]
300 _a"2 p. (prefazione: no ; testo: 2 [pagine: 18-19])"
500 _aDiritti del bambino Sulla Propria Immagine.
650 _aSOCIOLOGIA DELLA COMUNICAZIONE SOCIALE
650 _eCodice materia Spics: 3806
942 _cBK
957 _71
999 _c44279
_d44279
999 _bSI
999 _g1